[Event "FRA-ch U20"]
[Site "Aix les Bains"]
[Date "2006.04.??"]
[Round "6"]
[White "Lane, Samuel"]
[Black "Bourdonnais, Loic"]
[Result "0-1"]
[WhiteElo "1870"]
[BlackElo "2129"]
[PlyCount "114"]
[EventDate "2006.04.??"]
[EventType "swiss"]
[EventRounds "8"]
[EventCountry "FRA"]
[SourceTitle "EXT 2007"]
[Source "ChessBase"]
[SourceDate "2006.11.23"]
[SourceVersion "1"]
[SourceVersionDate "2006.11.23"]
[SourceQuality "1"]

1. d4 Nf6 2. c4 Nc6 3. Nf3 e6 4. Bg5 Bb4+ 5. Bd2 Qe7 6. a3 Bxd2+ 7. Nbxd2 d6 8. e3 0-0 9. Qc2 e5 10. 0-0-0 Bg4 11. Re1 Bh5 12. dxe5 dxe5 13. h3 Rfd8 14. Nh4 Bg6 15. Nxg6 hxg6 16. g4 Nd7 17. h4 Nc5 18. Ne4 Nxe4 19. Qxe4 Qd7 20. Qc2 Qxg4 21. Be2 Qf5 22. h5 Qxc2+ 23. Kxc2 gxh5 24. Rxh5 g6 25. Rh4 Kg7 26. Bf3 Rd6 27. Kc3 Rad8 28. Re2 f5 29. Bd5 R8d7 30. f4 e4 31. Reh2 Nd8 32. Rh7+ Kf6 33. Bg8 Rg7 34. c5 Rd3+ 35. Kc4 Rxg8 36. Rxc7 Rg7 37. Rh7 Rxh7 38. Rxh7 Rxe3 39. Rd7 Rd3 40. Rc7 Rd1 41. Rh7 e3 42. Rh2 Rd2 43. Rh3 e2 44. Re3 Rxb2 45. Kc3 Ra2 46. Kb3 Ra1 47. Rxe2 Rf1 48. Re8 Ne6 49. Ra8 Rxf4 50. Rxa7 Nxc5+ 51. Kc3 Ra4 52. Rxa4 Nxa4+ 53. Kb4 Nb6 54. Kc5 Nc8 55. Kd5 g5 56. Kd4 g4 57. Ke3 Ke5 0-1

[Event "Plancoet op 4th"]
[Site "Plancoet"]
[Date "2004.07.30"]
[Round "7"]
[White "Capitaine, Adrien"]
[Black "Bourdonnais, Loic"]
[Result "1-0"]
[WhiteElo "2172"]
[BlackElo "2045"]
[PlyCount "61"]
[EventDate "2004.07.25"]
[EventType "swiss"]
[EventRounds "9"]
[EventCountry "FRA"]
[SourceTitle "CBM 101 Extra"]
[Source "ChessBase"]
[SourceDate "2004.09.01"]
[SourceVersion "2"]
[SourceVersionDate "2004.09.01"]
[SourceQuality "1"]

1. f4 d5 2. Nf3 Nf6 3. e3 e6 4. Be2 Bd6 5. 0-0 0-0 6. Qe1 b6 7. d3 c5 8. Nc3 Ba6 9. e4 d4 10. Nd1 Bc7 11. Nf2 Nc6 12. g4 Qb8 13. g5 Nh5 14. e5 f6 15. gxf6 gxf6 16. Nh4 Ng7 17. exf6 Rxf6 18. Ng4 Rf8 19. Qg3 Kh8 20. Qh3 Ne7 21. Nf3 Ng6 22. Ng5 h5 23. Ne5 Nxe5 24. Bxh5 Nxh5 25. Qxh5+ Kg7 26. Qh7+ Kf6 27. fxe5+ Kxe5 28. Bf4+ Rxf4 29. Rae1+ Kd5 30. Qd7+ Bd6 31. Re5+ 1-0

[Event "Caen op"]
[Site "Caen"]
[Date "2003.10.31"]
[Round "2"]
[White "Moltchanov, Roman"]
[Black "Bourdonnais, Loic"]
[Result "1/2-1/2"]
[WhiteElo "2396"]
[BlackElo "2056"]
[PlyCount "68"]
[EventDate "2003.11.01"]
[EventType "swiss"]
[EventRounds "5"]
[EventCountry "FRA"]
[SourceTitle "EXT 2005"]
[Source "ChessBase"]
[SourceDate "2004.11.15"]
[SourceVersion "1"]
[SourceVersionDate "2004.11.15"]
[SourceQuality "1"]

1. e4 d5 2. exd5 Nf6 3. d4 Bg4 4. Bb5+ c6 5. dxc6 Qa5+ 6. Nc3 Nxc6 7. Qd3 0-0-0 8. Bxc6 bxc6 9. Nf3 c5 10. 0-0 Bxf3 11. Qxf3 cxd4 12. b4 Qb6 13. Na4 Qb7 14. Qd3 e5 15. Nc5 Bxc5 16. bxc5 e4 17. Qc4 Qd5 18. Qa6+ Kd7 19. Qxa7+ Ke6 20. Bf4 Kf5 21. Bg3 Rd7 22. Qa3 Ra8 23. Qc1 Qxc5 24. a4 Rda7 25. Qf4+ Kg6 26. Bh4 Qf5 27. Qg3+ Qg4 28. Bxf6 Qxg3 29. fxg3 gxf6 30. Rf4 Rxa4 31. Raf1 R8a6 32. Rg4+ Kh6 33. Rxe4 Rc6 34. Ref4 Kg7 1/2-1/2